000 00431nam a2200157 a 4500
001 000037672
005 20201002031112.0
008 121024s2009 mx 000 0 spa d
020 _a9685146136
040 _aDO-SdBNP
_bspa
_cBNPHU
082 _axxxx
_bH587s
100 1 _aHesse, Hermann,
_d1877-1962
_93301
245 1 0 _aSiddhartha /
_cHermann Hesse.
260 _aMéxico :
_bEdiciones Leyenda,
_c2009.
300 _a142 p. ;
_c22 cm.
999 _c37162
_d37162